000
00311nam a22001457a 4500
020
_a
0-7214-0863-X
082
_a
823
_b
BUR/L
100
_a
BURNETT HODGSON
245
_a
A LITTLE PRINCES
250
_a
1
260
_a
ENGLAND
_b
LADY BIRD
300
_a
51
650
_a
ENGLISH SHORT STORY
_z
ENGLAND
942
_c
BK
999
_c
2000
_d
2000